Slovakia social briefing: Tradition of Autumn Festivals in Slovakia

Slovenské vína sú dôležitou súčasťou slovenského vývozu. Vinárske oblasti sa snažia prilákať turistov organizovaním rôznych podujatí pre milovníkov vína. Pohľad na vínne cesty v Malých Karpatoch.

Na minha lista:
Detalhes bibliográficos
Autor principal: Čiefová, Michaela, 1991-
Formato: Capítulo de Livro
Idioma:inglês
Assuntos:
Tags: Adicionar Tag
Sem tags, seja o primeiro a adicionar uma tag!

MARC

LEADER 00000naa a2200000 4500
001 0260271
005 20240502083742.9
041 0 |a eng 
044 |a HU 
245 1 0 |a Slovakia social briefing: Tradition of Autumn Festivals in Slovakia  |c Michaela Čiefová 
520 |a Slovenské vína sú dôležitou súčasťou slovenského vývozu. Vinárske oblasti sa snažia prilákať turistov organizovaním rôznych podujatí pre milovníkov vína. Pohľad na vínne cesty v Malých Karpatoch. 
610 2 0 |a víno 
610 2 0 |a vinohradníctvo 
610 2 0 |a Slovensko 
610 2 0 |a ruch cestovný 
610 2 0 |a zvyklosti kultúrne 
100 1 |a Čiefová, Michaela, 1991-